000 01517nam a2200241Ia 4500
003 Ost
005 20260507075653.0
008 260507s9999||||xx |||||||||||||| ||und||
020 _a1394119957
040 _cfsecg
041 _aara
082 _a658.8
100 _aعبيدات، محمد إبراهيم
_eمؤلف
245 0 _aالتسويق الإجتماعي :
_bالأخضر والبيئي /
_c محمد إبراهيم عبيدات
260 _aعمان:
_bدار وائل للنشر والتوزيع,
_c2004
300 _a239 صفحة؛
_bإيضاحات ؛
_c24 سم
504 _aالملاحق ص.213 المراجع ص.237
520 _aطبيعة التغير الإجتماعي ودوره في تغيير السلوك- التسويق الإجتماعي كإستراتيجية للتغير الإجتماعي- بحوث واستراتيجيات التسويق الإجتماعي- استراتيجيات المزيج التسويقي الإجتماعي- إدارة برامج التسويق الإجتماعي- دور التسويق الإجتماعي في القطاع الزراعي- دور التسويق الإجتماعي في الصناعة- التسويق الإجتماعي في قطاع السياحة- التسويق الإجتماعي في قطاع الخدمات- دور المنظمات غير الحكومية في مجال التسويق الإجتماعي.
653 _aالبيئة
653 _aالتسويق
653 _aالتغير الإجتماعي
942 _cكتاب
999 _c45647
_d45647